000 005590000a22001810004500
003 MACL
005 20160409160152.0
008 160409b xxu||||| |||| 00| 0 eng d
040 _aMACL
_cMACL
041 _aHindi
082 _a610
100 _aडॉ राजीव रस्‍तोगी
_951464
245 _aरोगों की प्राकृतिक चिकित्‍सा
260 _bश्‍याम प्रकाशन
_c2003
_aजयपुर
350 _a150
650 _aMedical Sci.
_933115
942 _cHIN
_k610
_2ddc
999 _c10039
_d10039